=LDR 00000nam 2200000 4500 =001 INLIS000000000020662 =005 20130612115612 =008 ***********************************Ind** =035 ##$$0010-061300000020662 =041 ##$$a Ind =082 ##$$a 371.271 =090 ##$$a 371.271, Eva e =245 ##$$a Evaluasi mangan umum lengkap SD, Maman Abdurahman...[et.al] =260 ##$$a 2006 $b Bandung =300 ##$$a 284 hlm, ilus, 26 cm =650 ##$$a Evaluasi belajar =700 ##$$a Abdurrahman.Maman =850 ##$$a NBPNMAT